[Event "Wch U10"]
[Site "Batumi"]
[Date "2022.09.24"]
[Round "8"]
[White "Kleimenov, Nikolay"]
[Black "Liu, Zachary Hankun"]
[Result "1-0"]
[WhiteElo "1845"]
[BlackElo "1845"]
[PlyCount "69"]
[EventDate "2022.09.16"]
[EventType "swiss"]
[EventRounds "11"]
[EventCountry "GEO"]
[SourceTitle "EXT 2023"]
[Source "ChessBase"]
[SourceDate "2022.10.05"]
[SourceVersion "1"]
[SourceVersionDate "2022.10.05"]
[SourceQuality "1"]

1. e4 c5 2. Nf3 Nc6 3. Bb5 e6 4. Bxc6 bxc6 5. d3 Ne7 6. Nbd2 Ng6 7. h4 h5 8. e5 f6 9. Qe2 Qc7 10. Nc4 Ba6 11. Qe4 Kf7 12. Bf4 Be7 13. exf6 Qxf4 14. Nfe5+ Kg8 15. f7+ Qxf7 16. Nxf7 Kxf7 17. Rh3 d5 18. Rf3+ Bf6 19. Ne5+ Nxe5 20. Qxe5 Rhc8 21. Qxh5+ Kg8 22. 0-0-0 Rab8 23. b3 Rb4 24. Qg6 Rf8 25. h5 Rh4 26. Rh3 Rxh3 27. gxh3 Kh8 28. Rg1 Bd4 29. h6 Rg8 30. hxg7+ Rxg7 31. Qh6+ Kg8 32. Rxg7+ Bxg7 33. Qxe6+ Kh7 34. Qxc6 Bh6+ 35. Kd1 1-0

[Event "EU-ch Hybrid U08"]
[Site "Tornelo INT"]
[Date "2021.10.15"]
[Round "9"]
[White "Kleimenov, Nikolay"]
[Black "Shen, Tingrui"]
[Result "0-1"]
[WhiteElo "1645"]
[BlackElo "1353"]
[PlyCount "56"]
[EventDate "2021.10.15"]
[EventType "swiss"]
[EventRounds "9"]
[EventCountry "NET"]
[SourceTitle "EXT 2023"]
[Source "ChessBase"]
[SourceDate "2022.10.05"]
[SourceVersion "1"]
[SourceVersionDate "2022.10.05"]
[SourceQuality "1"]
[WhiteTeam "Russia"]
[BlackTeam "Germany"]
[WhiteTeamCountry "RUS"]
[BlackTeamCountry "GER"]

1. e4 c5 2. Nf3 e6 3. b3 d5 4. exd5 exd5 5. d4 Nc6 6. Bb2 Nf6 7. Be2 Bd6 8. dxc5 Bxc5 9. 0-0 0-0 10. Nc3 b6 11. Nb5 Be7 12. Nbd4 Nxd4 13. Nxd4 Bc5 14. Qd3 Re8 15. Bf3 Bxd4 16. Qxd4 Bf5 17. c4 Be4 18. c5 Bxf3 19. gxf3 Qd7 20. cxb6 axb6 21. Kh1 Qf5 22. Qd1 Nh5 23. Rg1 Rac8 24. Bd4 Rc2 25. Rg5 Qxg5 26. Qxc2 Nf4 27. Rg1 Qxg1+ 28. Kxg1 Re1# 0-1

[Event "Sochi Lobanov Memorial"]
[Site "Sochi"]
[Date "2021.09.30"]
[Round "3"]
[White "Derli, Olga"]
[Black "Kleimenov, Nikolay"]
[Result "1-0"]
[WhiteElo "2186"]
[BlackElo "1645"]
[PlyCount "110"]
[EventDate "2021.09.28"]
[EventType "swiss"]
[EventRounds "9"]
[EventCountry "RUS"]
[SourceTitle "CBM 204 Extra"]
[Source "ChessBase"]
[SourceDate "2021.11.30"]
[SourceVersion "1"]
[SourceVersionDate "2021.11.30"]
[SourceQuality "1"]

1. e4 c5 2. Nf3 Nc6 3. Bb5 g6 4. 0-0 Bg7 5. Nc3 e5 6. Nd5 Nge7 7. c3 0-0 8. d3 d6 9. Be3 Nxd5 10. exd5 Ne7 11. Bc4 f5 12. a4 h6 13. a5 Kh8 14. Nxe5 Bxe5 15. Bxh6 f4 16. Bxf8 Qxf8 17. a6 b6 18. d4 cxd4 19. cxd4 Bf6 20. Bd3 Nf5 21. Qg4 Qh6 22. Rac1 Qh5 23. Qxh5+ gxh5 24. Rfe1 Kg7 25. Rc7+ Kf8 26. Bb5 Ne7 27. h3 Bf5 28. Bc6 Nxc6 29. dxc6 Bd3 30. Rd7 Bxa6 31. Rxd6 Kf7 32. b3 Bc8 33. c7 Bf5 34. Ra1 Rc8 35. Rxa7 Ke7 36. Rd8 Bd7 37. Rxc8 Bxc8 38. Ra4 Kd6 39. d5 Be5 40. Rb4 Kxc7 41. Rc4+ Kd7 42. Rc6 Bb7 43. Rxb6 Bxd5 44. Rh6 Bf7 45. b4 Kc8 46. b5 Kb8 47. g3 fxg3 48. fxg3 Bd4+ 49. Kh2 Be8 50. Rd6 Bxb5 51. Rxd4 Kc7 52. g4 hxg4 53. hxg4 Bd7 54. Kg3 Kd8 55. Kf4 Ke7 1-0

[Event "Moscow op-A 17th"]
[Site "Moscow"]
[Date "2021.02.28"]
[Round "9"]
[White "Kleimenov, Nikolay"]
[Black "Shturman, Arseniy"]
[Result "0-1"]
[WhiteElo "1600"]
[BlackElo "1782"]
[PlyCount "84"]
[EventDate "2021.02.20"]
[EventType "swiss"]
[EventRounds "9"]
[EventCountry "RUS"]
[SourceTitle "EXT 2022"]
[Source "ChessBase"]
[SourceDate "2021.10.06"]
[SourceVersion "1"]
[SourceVersionDate "2021.10.06"]
[SourceQuality "1"]

1. e4 c5 2. Nc3 Nc6 3. f4 g6 4. Nf3 Bg7 5. g3 e6 6. Bg2 Nge7 7. 0-0 d6 8. d3 0-0 9. g4 f5 10. h3 Rb8 11. Ne2 d5 12. e5 b5 13. d4 c4 14. Bd2 b4 15. a3 Qc7 16. g5 Bd7 17. h4 Rb7 18. h5 Rfb8 19. hxg6 hxg6 20. Kf2 Nc8 21. Rh1 Bf8 22. Rh3 Bg7 23. Qh1 bxa3 24. bxa3 N8e7 25. Rg1 Rb2 26. Ne1 Qb6 27. Bc3 Ra2 28. Bd2 Nxd4 29. Be3 Nec6 30. Nc3 Rxa3 31. Nxd5 Qb2 32. Nf6+ Kf7 33. Nxd7 Nxc2 34. Nf3 Nxe3+ 35. Kg3 Ng4 36. Rf1 Rd8 37. Nf6 Ra2 38. Nxg4 fxg4 39. Rh7 Qxg2+ 40. Qxg2 Rxg2+ 41. Kxg2 gxf3+ 42. Kxf3 c3 0-1